LEADER 03119nam 2200601 450 001 9910453730203321 005 20200520144314.0 010 $a0-12-812242-0 010 $a0-12-384930-6 035 $a(CKB)2550000001168209 035 $a(EBL)1575556 035 $a(OCoLC)865333549 035 $a(SSID)ssj0001137290 035 $a(PQKBManifestationID)11741800 035 $a(PQKBTitleCode)TC0001137290 035 $a(PQKBWorkID)11119497 035 $a(PQKB)11165879 035 $a(MiAaPQ)EBC1575556 035 $a(PPN)199236909 035 $a(Au-PeEL)EBL1575556 035 $a(CaPaEBR)ebr10816526 035 $a(CaONFJC)MIL549475 035 $a(EXLCZ)992550000001168209 100 $a20131226d2014 uy| 0 101 0 $aeng 135 $aur|n|---||||| 181 $ctxt 182 $cc 183 $acr 200 04$aThe autoimmune diseases /$fedited by Noel R. Rose, Departments of Pathology and of Molecular Microbiology and Immunology, The Johns Hopkins University, Baltimore, Maryland, USA and Ian R. Mackay, Department of Biochemistry and Molecular Biology, Monash University, Clayton, Victoria, Australia 205 $aFifth edition. 210 1$aSan Diego :$cAcademic Press,$d2014. 215 $a1 online resource (1302 p.) 300 $aDescription based upon print version of record. 311 $a0-12-384929-2 311 $a1-306-18224-7 320 $aIncludes bibliographical references and index. 327 $apart 1. Immunologic basis of autoimmunity -- part 2. Immune cells and immune responses -- part 3. Non-antigen-specific recognition -- part 4. Initiation of autoimmunity -- part 5. Facilitation of autoimmunity -- part 6. Experimental models of autoimmunity -- part 7. Multisystem autoimmune diseases -- part 8. Endocrine system -- part 9. Blood disorders -- part 10. Central and peripheral nervous system -- part 11. Gastrointestinal system -- part 12. Skin diseases -- part 13. Nephropathies and reproductive system -- part 14. Cardiovascular system and lungs -- part 15. Unclassified expressions of autoimmunity -- part 16. Diagnosis, prevention, and therapy. 330 $aSince publication of the 4th Edition of The Autoimmune Diseases in 2006, the understanding of the immune mechanisms underlying autoimmunity and autoimmune disease has significantly deepened and broadened. This fully revised 5th Edition incorporates new material and combines common themes underlying inductive and effector mechanisms and therapies that relate generally to the autoimmune disorders. It discusses the biological basis of disease at genetic, molecular, cellular, and epidemiologic levels and includes expanded coverage of autoinflammatory disease and aut 606 $aAutoimmune diseases 608 $aElectronic books. 615 0$aAutoimmune diseases. 676 $a616.97 676 $a616.978 701 $aMackay$b Ian R$0853066 702 $aRose$b Noel R. 801 0$bMiAaPQ 801 1$bMiAaPQ 801 2$bMiAaPQ 906 $aBOOK 912 $a9910453730203321 996 $aThe autoimmune diseases$91904893 997 $aUNINA LEADER 02350oem 2200625 450 001 9910713705903321 005 20200817130023.0 035 $a(CKB)5470000002504629 035 $a(OCoLC)966435447 035 $a(EXLCZ)995470000002504629 100 $a20161219d1993 ua 101 0 $aeng 120 $ab|||||||||||| 121 $a||||||||| 124 $bd 135 $aurcn||||||||| 181 $ccri$2rdacontent 182 $cc$2rdamedia 183 $acr$2rdacarrier 200 10$aProperties and chemical constituents in ground water from the middle Wilcox Aquifer, Gulf Coast Regional Aquifer Systems, south-central United States /$fby Robert A. Pettijohn, John F. Busby, and Jeffery D. Beckman 210 1$aAustin, Texas :$cU.S. Department of the Interior, U.S. Geological Survey,$d1993. 215 $a1 online resource (17 maps) $ccolor 225 1 $aWater-resources investigations report ;$v93-4070 300 $a"A contribution of the Regional Aquifer-System Analysis Program." 300 $aIncludes text, 1 location map, 11 ancillary maps, 10 diagrams, 1 cross section, and 1 table. 320 $aIncludes bibliographical references. 606 $aAquifers$zGulf Coast (U.S.)$vMaps 606 $aAquifers$zSunbelt States$vMaps 606 $aGroundwater$zGulf Coast (U.S.)$xComposition$vMaps 606 $aGroundwater$zSunbelt States$xComposition$vMaps 606 $aAquifers$2fast 606 $aGroundwater$xComposition$2fast 607 $aUnited States$zGulf Coast$2fast 607 $aUnited States$zSunbelt States$2fast 608 $aMaps.$2fast 608 $aMaps.$2lcgft 615 0$aAquifers 615 0$aAquifers 615 0$aGroundwater$xComposition 615 0$aGroundwater$xComposition 615 7$aAquifers. 615 7$aGroundwater$xComposition. 702 $aPettijohn$b Robert A. 702 $aBusby$b John F. 702 $aBeckman$b Jeffery D. 712 02$aNational Regional Aquifer Systems Analysis Program (U.S.) 801 0$bCOP 801 1$bCOP 801 2$bOCLCO 801 2$bOCLCF 801 2$bGPO 906 $aBOOK 912 $a9910713705903321 996 $aProperties and chemical constituents in ground water from the middle Wilcox Aquifer, Gulf Coast Regional Aquifer Systems, south-central United States$93252854 997 $aUNINA